[Event "Thrissur op (Women)"]
[Site "Thrissur"]
[Date "2013.07.29"]
[Round "6"]
[White "Pujari, Rucha"]
[Black "Shetye, Sidhhali"]
[Result "1-0"]
[WhiteElo "2156"]
[BlackElo "1955"]
[PlyCount "61"]
[EventDate "2013.07.26"]
[EventType "swiss"]
[EventRounds "11"]
[EventCountry "IND"]
[SourceTitle "EXT 2014"]
[Source "ChessBase"]
[SourceDate "2013.11.20"]
[SourceVersion "1"]
[SourceVersionDate "2013.11.20"]
[SourceQuality "1"]

1. d4 d5 2. Nf3 Nf6 3. g3 c6 4. Bg2 Bf5 5. 0-0 e6 6. c4 h6 7. b3 Be7 8. Bb2 0-0 9. Nbd2 Bh7 10. Ne5 Nbd7 11. Nd3 a5 12. a3 Ne4 13. c5 b6 14. b4 bxc5 15. Nxe4 dxe4 16. Nxc5 Nxc5 17. dxc5 Qc7 18. Qb3 Rad8 19. Qc4 e3 20. fxe3 Bg5 21. Qc3 f5 22. Qb3 Rfe8 23. Rad1 Rd5 24. Bxd5 exd5 25. Bd4 h5 26. b5 h4 27. bxc6 Qxc6 28. Qb6 Qa4 29. Qb7 Bxe3+ 30. Bxe3 Rxe3 31. Qxd5+ 1-0

[Event "Thrissur op (Women)"]
[Site "Thrissur"]
[Date "2013.07.26"]
[Round "2"]
[White "Soumya, Swaminathan"]
[Black "Shetye, Sidhhali"]
[Result "1-0"]
[WhiteElo "2301"]
[BlackElo "1955"]
[PlyCount "55"]
[EventDate "2013.07.26"]
[EventType "swiss"]
[EventRounds "11"]
[EventCountry "IND"]
[SourceTitle "EXT 2014"]
[Source "ChessBase"]
[SourceDate "2013.11.20"]
[SourceVersion "1"]
[SourceVersionDate "2013.11.20"]
[SourceQuality "1"]

1. e4 e5 2. Nf3 Nc6 3. Bb5 a6 4. Ba4 Nf6 5. 0-0 b5 6. Bb3 Bc5 7. c3 d6 8. d3 h6 9. h3 0-0 10. Nbd2 Bb6 11. Re1 Na5 12. Bc2 c5 13. Nf1 Nc6 14. a4 Rb8 15. Ng3 Be6 16. Nh4 d5 17. Qf3 c4 18. Ngf5 cxd3 19. Qxd3 dxe4 20. Qg3 Nh5 21. Qg4 e3 22. Nxh6+ Kh8 23. Qxh5 exf2+ 24. Kh2 e4 25. Bf4 fxe1Q 26. Rxe1 gxh6 27. Qxh6+ Kg8 28. Bxe4 1-0

[Event "Chennai op 4th"]
[Site "Chennai"]
[Date "2012.01.04"]
[Round "1"]
[White "Shetye, Sidhhali"]
[Black "Vaibhav, Suri"]
[Result "1/2-1/2"]
[WhiteElo "1875"]
[BlackElo "2448"]
[PlyCount "48"]
[EventDate "2012.01.04"]
[EventType "swiss"]
[EventRounds "11"]
[EventCountry "IND"]
[SourceTitle "CBM 146 Extra"]
[Source "ChessBase"]
[SourceDate "2012.02.29"]
[SourceVersion "1"]
[SourceVersionDate "2012.02.29"]
[SourceQuality "1"]

1. d4 d5 2. c4 e6 3. Nf3 Nf6 4. g3 dxc4 5. Bg2 Nc6 6. 0-0 a6 7. a4 Rb8 8. e3 b5 9. Qe2 Be7 10. Rd1 0-0 11. Ne5 Nxe5 12. dxe5 Nd7 13. Nc3 Bb4 14. Ne4 Qe7 15. f4 Nc5 16. Nxc5 Qxc5 17. Bd2 Bxd2 18. Qxd2 Bb7 19. axb5 axb5 20. Qd4 Qxd4 21. Rxd4 Ra8 22. Rxa8 Bxa8 23. Rd7 Bxg2 24. Kxg2 Rc8 1/2-1/2

[Event "Mumbai Mayors Cup 4th"]
[Site "Mumbai"]
[Date "2011.09.16"]
[Round "1"]
[White "Shetye, Sidhhali"]
[Black "Sethuraman, SP."]
[Result "0-1"]
[WhiteElo "1872"]
[BlackElo "2529"]
[PlyCount "84"]
[EventDate "2011.09.16"]
[EventType "swiss"]
[EventRounds "11"]
[EventCountry "IND"]
[SourceTitle "CBM 144 Extra"]
[Source "ChessBase"]
[SourceDate "2011.10.28"]
[SourceVersion "1"]
[SourceVersionDate "2011.10.28"]
[SourceQuality "1"]

1. d4 Nf6 2. Nf3 e6 3. g3 d5 4. c4 Bb4+ 5. Bd2 Be7 6. Bg2 c6 7. 0-0 0-0 8. Qc2 b6 9. Rd1 Nbd7 10. b3 Ba6 11. a4 Bd6 12. a5 h6 13. axb6 axb6 14. Bf4 Bxf4 15. gxf4 Qe7 16. Nbd2 Bb7 17. e3 c5 18. Qb2 Rfd8 19. Rxa8 Rxa8 20. Ra1 Qf8 21. dxc5 bxc5 22. Ra3 Qb8 23. Qa1 Rxa3 24. Qxa3 d4 25. Qa4 dxe3 26. fxe3 Qd6 27. Qa1 Qd3 28. Qe1 Ng4 29. Ne5 Ndxe5 30. Bxb7 Nd7 31. Be4 Qc3 32. Qe2 Nxe3 33. Qd3 Qc1+ 34. Kf2 Ng4+ 35. Kg2 Nf8 36. h3 Nf6 37. Bf3 Ng6 38. Qe3 Qc2 39. Kg3 Ne7 40. Qf2 Nf5+ 41. Kh2 Nd4 42. Bg2 Nxb3 0-1

[Event "Wch U20 Girls 29th"]
[Site "Chennai"]
[Date "2011.08.10"]
[Round "8"]
[White "Saric, Zrinka"]
[Black "Shetye, Sidhhali"]
[Result "1/2-1/2"]
[WhiteElo "2116"]
[BlackElo "1890"]
[PlyCount "69"]
[EventDate "2011.08.02"]
[EventType "swiss"]
[EventRounds "13"]
[EventCountry "IND"]
[SourceTitle "CBM 143 Extra"]
[Source "ChessBase"]
[SourceDate "2011.08.29"]
[SourceVersion "1"]
[SourceVersionDate "2011.08.29"]
[SourceQuality "1"]

1. e4 e5 2. Nf3 Nc6 3. Bb5 a6 4. Ba4 Nf6 5. 0-0 b5 6. Bb3 Bc5 7. c3 d6 8. d4 Bb6 9. a4 Rb8 10. axb5 axb5 11. Na3 0-0 12. Nxb5 Bg4 13. Re1 Bxf3 14. gxf3 Nh5 15. Kh1 Qh4 16. Rg1 Nf4 17. Bxf4 Qxf4 18. Ba4 Ne7 19. Rg4 Qf6 20. Qd3 Ng6 21. Rag1 Kh8 22. R4g3 c6 23. Na3 exd4 24. Nc4 Ba7 25. Rd1 d5 26. Na5 Ne5 27. Qf1 dxc3 28. bxc3 Rb2 29. Nxc6 Rxf2 30. Qh3 Nxc6 31. Qd7 Rxf3 32. Qxc6 Rf1+ 33. Kg2 Rf2+ 34. Kh3 Qxc6 35. Bxc6 1/2-1/2

[Event "IND-ch U19 Girls 25th"]
[Site "Puri"]
[Date "2010.10.04"]
[Round "6"]
[White "Shetye, Sidhhali"]
[Black "Mohana, Priya J"]
[Result "1/2-1/2"]
[WhiteElo "1853"]
[BlackElo "2030"]
[PlyCount "64"]
[EventDate "2010.10.01"]
[EventType "tourn"]
[EventRounds "11"]
[EventCountry "IND"]
[SourceTitle "CBM 138 Extra"]
[Source "ChessBase"]
[SourceDate "2010.10.29"]
[SourceVersion "1"]
[SourceVersionDate "2010.10.29"]
[SourceQuality "1"]

1. d4 Nf6 2. Nf3 d5 3. c4 c5 4. Nc3 cxd4 5. Nxd5 Nc6 6. Nxf6+ gxf6 7. h3 e5 8. e3 Bb4+ 9. Bd2 dxe3 10. fxe3 Bc5 11. Be2 Rg8 12. Qc2 f5 13. 0-0-0 e4 14. Ne1 Qb6 15. Qb3 Rg3 16. Nc2 Qxb3 17. axb3 Rxg2 18. Rde1 Be6 19. Rhg1 Rg6 20. Bc3 0-0-0 21. b4 Bd6 22. b5 Ne5 23. Nd4 Rdg8 24. Rgf1 Bxc4 25. Nxf5 Nd3+ 26. Bxd3 Bxd3 27. Nxd6+ Rxd6 28. Rxf7 Rh6 29. Be5 Bxb5 30. Rc7+ Kd8 31. Rxb7 Rc6+ 32. Bc3 Bd3 1/2-1/2

[Event "IND-ch U17 Girls 20th"]
[Site "Chakradharpur"]
[Date "2009.10.12"]
[Round "9"]
[White "Bharathi, R."]
[Black "Shetye, Sidhhali"]
[Result "1-0"]
[WhiteElo "2160"]
[BlackElo "1862"]
[PlyCount "83"]
[EventDate "2009.10.07"]
[EventType "swiss"]
[EventRounds "11"]
[EventCountry "IND"]
[SourceTitle "CBM 132 Extra"]
[Source "ChessBase"]
[SourceDate "2009.11.03"]
[SourceVersion "1"]
[SourceVersionDate "2009.11.03"]
[SourceQuality "1"]

1. e4 c5 2. Nf3 d6 3. d4 cxd4 4. Nxd4 Nf6 5. Nc3 g6 6. Be2 Bg7 7. 0-0 0-0 8. Nb3 Nc6 9. Bg5 Be6 10. Re1 a6 11. a4 Na5 12. Nd4 Bc4 13. Bf3 Qc7 14. Qd2 Rac8 15. Rad1 Rfd8 16. Bh6 Bh8 17. Qg5 Nd7 18. Nf5 Bf6 19. Qg3 Ne5 20. Ne3 Nxf3+ 21. Qxf3 Bg7 22. Ned5 Bxd5 23. Nxd5 Qd7 24. Bxg7 Kxg7 25. Nb6 Qc6 26. Nxc8 Rxc8 27. b4 Nc4 28. Qb3 b5 29. axb5 axb5 30. Ra1 Nd2 31. Qb2+ Kg8 32. Re2 Nxe4 33. Rae1 d5 34. f3 Qb6+ 35. Kf1 Nc3 36. Rxe7 d4 37. Qb3 Rc4 38. Qa3 Na4 39. Qd3 Nc3 40. Rd7 Rxb4 41. Qd2 Qc6 42. Rxd4 1-0

[Event "Mumbai Mayors Cup 2nd"]
[Site "Mumbai"]
[Date "2009.05.01"]
[Round "1"]
[White "Shetye, Sidhhali"]
[Black "Koneru, Humpy"]
[Result "0-1"]
[WhiteElo "1812"]
[BlackElo "2612"]
[PlyCount "52"]
[EventDate "2009.05.01"]
[EventType "swiss"]
[EventRounds "11"]
[EventCountry "IND"]
[SourceTitle "CBM 130 Extra"]
[Source "ChessBase"]
[SourceDate "2009.07.02"]
[SourceVersion "2"]
[SourceVersionDate "2009.07.15"]
[SourceQuality "1"]

1. d4 Nf6 2. Nf3 d5 3. c4 e6 4. Nc3 Bb4 5. Qa4+ Nc6 6. Bd2 0-0 7. e3 dxc4 8. Bxc4 Bd6 9. 0-0 a6 10. Qd1 e5 11. h3 h6 12. dxe5 Nxe5 13. Nxe5 Bxe5 14. Qc2 b5 15. Bd3 Bb7 16. Rad1 Qe7 17. f4 Bd6 18. e4 b4 19. e5 Bc5+ 20. Kh1 Ng4 21. Ne4 Bxe4 22. Bxe4 Rad8 23. Bxb4 Bxb4 24. hxg4 Qh4+ 25. Kg1 Ba5 26. Rf3 Rxd1+ 0-1